| 000 | 01553nam a22002417a 4500 | ||
|---|---|---|---|
| 999 |
_c57588 _d57588 |
||
| 003 | Ge_BSU | ||
| 005 | 20200813142446.0 | ||
| 008 | 200810s2019 ge ||||| |||| 00| 0 geo d | ||
| 020 | _a9789941819384 | ||
| 041 | _ageo | ||
| 080 | _a811.353.1+811.163.2 ს-79 | ||
| 100 |
_aსტოიანოვი ალექსანდრე (1843-1914) _99138 |
||
| 245 |
_aАлександр Стоянов (1843-1914)=Alexander Stoyanov (1843-1914) = ალექსანდრე სტოიანოვი(1843-1914) : _bბულგარელი მოღვაწე იცავდა ქართულ ენასა და კულტურას / _cსტოიანოვი ალექსანდრე; თარგმ. ლუკა ოანაიოტი, გაჩეჩილაძე თინათინ, შირინიანი მარია. |
||
| 264 |
_aთბილისი, _c2019. |
||
| 300 |
_a66 გვ. _b20 სმ. |
||
| 504 | _aბიბლიოგრ. გვ - 66 | ||
| 546 | _aტექსტები რუსულ ენაზე და ინგლისურ ენაზე. | ||
| 653 | _aბულგარელი მოღვაწე საქართველოში | ||
| 700 |
_aოანაიოტი, ლუკა _eმთარგმნელი _99139 |
||
| 700 |
_aგაჩეჩილაძე თინათინ _eმთარგმნელი _99140 |
||
| 700 |
_aშირინიანი, მარია _eმთარგმნელი _99141 |
||
| 942 |
_2udc _cBK |
||